Το Πρόταγμα του κομμουναλισμού
Αποθηκεύτηκε σε:
| Κύριος συγγραφέας: | |
|---|---|
| Άλλοι συγγραφείς: | |
| Μορφή: | Βιβλίο |
| Γλώσσα: | Greek English |
| Δημοσίευση: |
Αθήνα :
Αλεξάνδρεια,
2006.
|
| Σειρά: | Πολιτικά (Αλεξάνδρεια)
|
| Θέματα: | |
| Ετικέτες: |
Προσθήκη ετικέτας
Δεν υπάρχουν, Καταχωρήστε ετικέτα πρώτοι!
|
MARC
| LEADER | 00000cam a2200000 i 4500 | ||
|---|---|---|---|
| 001 | 1/73337 | ||
| 008 | 080205s2006 gr | ||| |||| ||gre|| | ||
| 020 | |a 960221340X | ||
| 035 | |l 10094370 | ||
| 040 | |a GR-MyUA |b gre |e AACR2 | ||
| 041 | 1 | |a gre |h eng | |
| 082 | 7 | |a 302.14 |2 (22) | |
| 100 | 1 | |a Bookchin, Murray, |d 1921-2006. | |
| 245 | 1 | 3 | |a Το Πρόταγμα του κομμουναλισμού / |c Murray Bookchin ; εισαγωγή, μετάφραση, σημειώσεις: Αλέξανδρος Γκεζερλής. |
| 260 | |a Αθήνα : |b Αλεξάνδρεια, |c 2006. | ||
| 300 | |a 106 σ. ; |c 21 εκ. | ||
| 490 | 1 | |a (Πολιτικά / Αλεξάνδρεια) | |
| 500 | |a Πρόλογος του συγγραφέα για την ελληνική έκδοση. | ||
| 500 | |a Τίτλος πρωτοτύπου: Anarchism and power in Spanish revolution. | ||
| 500 | |a Τίτλος πρωτοτύπου: The communalist project. | ||
| 650 | 0 | 0 | |a Communalism. |
| 650 | 0 | 0 | |a Anarchism. |
| 700 | 1 | |a Γκεζερλής, Αλέξανδρος, |e aui |e trl | |
| 830 | 0 | |a Πολιτικά (Αλεξάνδρεια) | |
| 852 | |a INST |b LESVOS |e 20080205 |h 302.14 BOO |p 005100040449 |q 005100040449 |t BK |y 0 | ||
| 901 | |a BIBL1-2008-1 | ||
| 909 | |a Λ |b 142079 | ||
| 922 | |a 1ΕΛΗ |b 200711 |c ΕΠΕΑΕΚ2/ΤΠ |d Σ. ΠΑΤΑΚΗΣ | ||
| 970 | |a ΓΙΑΛΑΜΑ |b ΜΑΡΙΑ |z 2008/02/05 | ||